000 00636nam a22002177a 4500
999 _c163
_d163
003 AR-CdUCM
008 190222b ||||| |||| 00| 0 spa d
040 _aMUNICIPALIDAD PROVINCIAL DEL CUSCO
_cBIBLIOTECA MUNICIPAL DEL CUSCO
041 _heng
082 _a818.41 /
_bAL36
100 _aAlcott, Louisa M.
_9764
245 _aHombrecitos /
260 _aBuenos Aires :
_bAtlantida,
_c1955.
300 _a308 páginas ;
_c17 cm.
440 _aBiblioteca Billiken.
_9765
650 _aNovelas estadounidenses
_9734
650 _aNovela siglo XIX
_9736
700 _aBosch, Cora (traductor)
_9766
942 _2ddc
_cLIBROS
945 _azta